The complete reference dreamwearer 4
| Main Author: | |
|---|---|
| Format: | Book |
| Published: |
Osborne Mc Graw Hill ,
2001
|
| Subjects: |
MARC
| LEADER | 00000cam a2200000 7i4500 | ||
|---|---|---|---|
| 001 | 0000010137 | ||
| 005 | 20050616.0 | ||
| 020 | |a 0072131713 | ||
| 040 | |a INS | ||
| 090 | 0 | 0 | |a TK5105.8885.D74 |b K48 2001 |
| 100 | 1 | |a Kittell, Jennifer Ackerman | |
| 245 | 1 | 4 | |a The complete reference dreamwearer 4 |c Jennifer Ackerman Kittell |
| 260 | |a Osborne Mc Graw Hill , |c 2001 | ||
| 300 | |a 1030p. ; |c 24 cm. | ||
| 650 | 0 | 0 | |a Web site development. |
| 999 | |a 0000009055 |b BOOK |c Open Shelf |e Default branch | ||